| 000 | 00507nam a22002057a 4500 | ||
|---|---|---|---|
| 005 | 20140707134759.0 | ||
| 008 | 140701b xxu||||| |||| 00| 0 eng d | ||
| 020 |
_a9789384002091 _c300.00 |
||
| 040 | _aLoreto College | ||
| 041 | _aBengali | ||
| 082 |
_a891.448 _bCHA |
||
| 100 | _aChakraborti, Arindam | ||
| 245 |
_aTin kal _cArindam Chakraborti |
||
| 260 |
_aKolkata _bGangchil _c2014 |
||
| 300 |
_a213p. _b21cm. |
||
| 650 | _aPhilosophy | ||
| 650 | _aMan and time | ||
| 850 | _aLCLIB | ||
| 942 | _cBK | ||
| 999 |
_c39311 _d89790 |
||